Statistics for 山西省县级行政区划

Click here to take the quiz!

General Stats

  • This quiz has been taken 85 times
  • The average score is 69 of 117

Answer Stats

城市区县% Correct
太原市小店区
90%
太原市尖草坪区
85%
太原市迎泽区
81%
临汾市古县
81%
晋中市平遥县
81%
晋中市榆次区
81%
太原市万柏林区
81%
太原市杏花岭区
81%
太原市晋源区
79%
晋城市 | 阳泉市城区
79%
阳泉市矿区
77%
忻州市五台县
77%
太原市清徐县
75%
太原市古交市
75%
阳泉市郊区
73%
吕梁市孝义市
73%
太原市阳曲县
73%
朔州市右玉县
73%
大同市云冈区
71%
运城市盐湖区
71%
朔州市朔城区
71%
运城市永济市
71%
晋中市祁县
71%
大同市左云县
69%
朔州市应县
69%
临汾市侯马市
69%
吕梁市汾阳市
67%
忻州市岢岚县
67%
吕梁市离石区
67%
临汾市洪洞县
67%
大同市平城区
67%
吕梁市临县
67%
大同市天镇县
65%
临汾市吉县
63%
阳泉市盂县
63%
运城市芮城县
63%
忻州市忻府区
63%
长治市沁县
63%
朔州市怀仁市
63%
临汾市曲沃县
63%
晋中市介休市
63%
临汾市霍州市
60%
运城市新绛县
60%
晋中市灵石县
60%
长治市上党区
60%
晋城市泽州县
60%
运城市河津市
60%
大同市云州区
60%
晋中市左权县
58%
长治市长子县
58%
太原市娄烦县
58%
临汾市尧都区
58%
晋城市陵川县
58%
吕梁市兴县
58%
晋城市沁水县
58%
晋城市高平市
56%
晋中市昔阳县
56%
忻州市宁武县
56%
长治市潞州区
56%
忻州市代县
56%
忻州市神池县
56%
朔州市山阴县
56%
大同市浑源县
56%
忻州市偏关县
56%
运城市绛县
56%
吕梁市文水县
56%
长治市潞城区
56%
临汾市隰县
54%
忻州市繁峙县
54%
大同市阳高县
54%
临汾市襄汾县
54%
运城市平陆县
54%
吕梁市岚县
54%
吕梁市交城县
54%
忻州市原平市
54%
晋中市榆社县
52%
长治市壶关县
52%
吕梁市中阳县
52%
临汾市蒲县
52%
运城市闻喜县
52%
忻州市河曲县
52%
忻州市五寨县
52%
大同市广灵县
52%
临汾市翼城县
50%
晋中市寿阳县
50%
运城市垣曲县
50%
朔州市平鲁区
50%
晋中市太古区
50%
运城市夏县
50%
忻州市静乐县
50%
运城市临猗县
50%
运城市万荣县
50%
长治市沁源县
50%
大同市灵丘县
48%
运城市稷山县
48%
忻州市保德县
48%
吕梁市交口县
48%
阳泉市平定县
48%
长治市屯留区
48%
晋城市阳城县
48%
大同市新荣区
46%
临汾市汾西县
46%
忻州市定襄县
46%
吕梁市石楼县
46%
吕梁市方山县
46%
长治市武乡县
46%
吕梁市柳林县
46%
晋中市和顺县
44%
临汾市大宁县
44%
临汾市安泽县
44%
临汾市乡宁县
42%
临汾市永和县
42%
长治市襄垣县
42%
长治市黎城县
38%
临汾市浮山县
38%
长治市平顺县
35%

Score Distribution

Percentile by Number Answered

Percent of People with Each Score

Your Score History

You have not taken this quiz